| 000 | 00379nam a22001217a 4500 | ||
|---|---|---|---|
| 008 | 150817b xxu||||| |||| 00| 0 eng d | ||
| 050 | _aBD161.T253 | ||
| 245 |
_aTeaching theory of knowledge _c/edited by Marjorie A. Clay |
||
| 260 |
_aFlorida _bThe council for philosophical studies _c1986 |
||
| 300 |
_a141p. ; _c23cm. |
||
| 650 |
_aPhilosophy _918601 |
||
| 942 |
_2lcc _cMONOGRAPH _01 |
||
| 999 |
_c123059 _d123059 |
||